Литература Древней Греции и Рима; Теогония; Илиада; Одиссея; Прикованный Прометей; Антигона; Медея; Облака; Брюзга; Отрезанная коса; Мимиамбы; История; Басни; Учитель красноречия; Любитель лжи, или невер; Разговоры богов; Ослы; Куркулион; Хвастливый воин; Самоистязатель; Девушка сАндроса; Энеида; Басни; Фарсалия, или поэма о гражданской войне; О старости; О дружбе; Об обязанностях; Жизнь двенадцати Цезарей

Dettagli Bibliografici
Lingua:russo
Pubblicazione: СПб., СКРИПТОРИУМ, 2001
TOC:Гесиод, Теогония;
Гомер, Илиада; Одиссея;
Эсхил, Прикованный Прометей;
Софокл, Антигона;
Еврипид, Медея;
Аристофан, Облака;
Менандр, Брюзга; Отрезанная коса;
Герод, Мимиамбы;
Фукидид, История;
Эзоп, Басни;
Лукиан, Учитель красноречия; Любитель лжи, или невер; Разговоры богов;
Плавт Тит Макций, Ослы; Куркулион; Хвастливый воин;
Теренций, Самоистязатель; Девушка сАндроса;
Вергилий Марон Публий, Энеида;
Федр, Басни;
Лукан, Фарсалия, или поэма о гражданской войне;
Цицерон Марк Туллий, О старости; О дружбе; Об обязанностях;
Светоний, Жизнь двенадцати Цезарей;
Serie:Мировое наследие
Soggetti:
Natura: Libro
KOHA link:https://koha.lib.tpu.ru/cgi-bin/koha/opac-detail.pl?biblionumber=27144

MARC

LEADER 00000nam0a2200000 4500
001 27144
005 20231030202028.0
010 |a 5927100236 
035 |a (RuTPU)RU\TPU\book\27393 
035 |a BOOK00027468 
090 |a 27144 
100 |a 20011209d2001 km y0rusy50 ca 
101 0 |a rus 
102 |a RU 
105 |a a z 000ay 
200 1 |a Литература Древней Греции и Рима 
210 |a СПб.  |c СКРИПТОРИУМ  |d 2001 
215 |a 668 с.  |c ил. 
225 1 |a Мировое наследие 
464 |t Теогония  |f Гесиод 
464 |t Илиада; Одиссея  |f Гомер 
464 |t Прикованный Прометей  |f Эсхил 
464 |t Антигона  |f Софокл 
464 |t Медея  |f Еврипид 
464 |t Облака  |f Аристофан 
464 |t Брюзга; Отрезанная коса  |f Менандр 
464 |t Мимиамбы  |f Герод 
464 |t История  |f Фукидид 
464 |t Басни  |f Эзоп 
464 |t Учитель красноречия; Любитель лжи, или невер; Разговоры богов  |f Лукиан 
464 |t Ослы; Куркулион; Хвастливый воин  |o комедии  |f Плавт Тит Макций 
464 |t Самоистязатель; Девушка сАндроса  |o комедии  |f Теренций 
464 |t Энеида  |f Вергилий Марон Публий 
464 |t Басни  |f Федр 
464 |t Фарсалия, или поэма о гражданской войне  |f Лукан 
464 |t О старости; О дружбе; Об обязанностях  |f Цицерон Марк Туллий 
464 |t Жизнь двенадцати Цезарей  |f Светоний 
610 1 |a литература 
610 1 |a древнегреческая литература 
610 1 |a Древний Рим 
610 1 |a Древняя Греция 
610 1 |a древнеримская литература 
675 |a 87  |v 3 
801 0 |a RU  |b 63413507  |c 20011209  |g PSBO 
801 2 |a RU  |b 63413507  |c 20160310  |g RCR 
942 |c BK